Aplicación práctica del aprendizaje colaborativo en la clase de alemán con fines específicos (Record no. 174834)
[ view plain ]
| 000 -CABECERA | |
|---|---|
| campo de control de longitud fija | 01811nab a2200337 a 4500 |
| 005 - FECHA Y HORA DE LA ÚLTIMA TRANSACCIÓN | |
| campo de control | 20210219162351.0 |
| 008 - ELEMENTOS DE LONGITUD FIJA--INFORMACIÓN GENERAL | |
| campo de control de longitud fija | 991125s1985 mx 000 0 spa u |
| 035 ## - NÚMERO DE CONTROL DEL SISTEMA | |
| Número de control de sistema | UPN01000202733 |
| 049 ## - COLECCIÓN | |
| Colección | ART-E |
| 100 1# - ASIENTO PRINCIPAL--NOMBRE PERSONAL | |
| Nombre de persona | Bascoy Lamelas, Montserrat |
| 100 1# - ASIENTO PRINCIPAL--NOMBRE PERSONAL | |
| Filiación | montserrat.bascoy@uah.es |
| 100 1# - ASIENTO PRINCIPAL--NOMBRE PERSONAL | |
| Nombre de persona | Benito Rey, Marisol |
| 100 1# - ASIENTO PRINCIPAL--NOMBRE PERSONAL | |
| Filiación | marisol.benito@uah.es |
| 222 #0 - TÍTULO CLAVE | |
| Título clave | CARACCIOLOS : |
| Información calificativa | REVISTA DIGITAL DE INVESTIGACION EN DOCENCIA |
| 245 00 - MENCIÓN DE TÍTULO | |
| Título | Aplicación práctica del aprendizaje colaborativo en la clase de alemán con fines específicos |
| 260 ## - PUBLICACIÓN, DISTRIBUCIÓN, ETC. | |
| Lugar de publicación, distribución, etc. | España |
| 300 ## - DESCRIPCIÓN FÍSICA | |
| Extensión | 1-11 |
| 362 0# - FECHAS DE PUBLICACIÓN Y/O DESIGNACIÓN SECUENCIAL | |
| Fecha de publicación y/o designación secuencial | 2014 Vol. 2, no. 1 |
| 336 ## - TIPO DE CONTENIDO | |
| Término de tipo de contenido | texto$2rdacontent |
| 337 ## - TIPO DE MEDIO | |
| Nombre/término del tipo de medio | computadora$2rdamedia |
| 338 ## - TIPO DE SOPORTE | |
| Nombre/término del tipo de soporte | recurso en linea$2rdacarrier |
| 520 3# - NOTA DE RESUMEN, ETC. | |
| Sumario, etc. | Actualmente observamos cómo la enseñanza de idiomas presencial va dejando paso a la enseñanza semipresencial o incluso virtual. Nuestra contribución pretende mostrar una forma de trabajo dentro de la clase de alemán con fines específicos en la que, gracias al aprendizaje colaborativo y a la aplicación de las TIC, conseguimos que el alumno sea el centro de la clase y se cree, dentro de la misma, una dinámica de trabajo en grupo con una gran motivación por parte de este. Si bien esta forma de trabajo nos permite desarrollar, al mismo tiempo, distintos tipos de destrezas, esta experiencia está orientada a fomentar ante todo la destreza oral. Mostraremos finalmente los resultados obtenidos por los estudiantes. |
| 653 0# - TERMINO DE INDIZACION - NO CONTROLADO | |
| Término no controlado | APRENDIZAJE COLABORATIVO |
| 653 0# - TERMINO DE INDIZACION - NO CONTROLADO | |
| Término no controlado | EXPRESION ORAL |
| 653 0# - TERMINO DE INDIZACION - NO CONTROLADO | |
| Término no controlado | ENSEÑANZA DE IDIOMAS |
| 653 0# - TERMINO DE INDIZACION - NO CONTROLADO | |
| Término no controlado | ESTRATEGIAS DE APRENDIZAJE |
| 653 0# - TERMINO DE INDIZACION - NO CONTROLADO | |
| Término no controlado | PORTAFOLIO DIGITAL |
| 856 4# - LOCALIZACIÓN Y ACCESO ELECTRÓNICOS | |
| Identificador Uniforme del Recurso | <a href="http://www3.uah.es/caracciolos/index.php/caracciolos/article/view/22/30">http://www3.uah.es/caracciolos/index.php/caracciolos/article/view/22/30</a> |
| 905 ## - TIPO DE MATERIAL | |
| Tipo de material | Articulo |
No items available.
